Statistics for All-Time Celtics/Lakers Combined Roster

Click here to take the quiz!

General Stats

  • This quiz has been taken 51 times
  • The average score is 13 of 15

Answer Stats

Position/TeamAnswer% Correct
SG/LALKobe Bryant
100%
C/LALKareem Abdul-Jabbar
98%
C/LALShaquille O'Neal
98%
PF/BOSKevin Garnett
95%
PG/LALMagic Johnson
95%
SF/BOSPaul Pierce
95%
C/BOSBill Russell
93%
SF/BOSLarry Bird
93%
PF/BOSKevin McHale
91%
C/LALWilt Chamberlain
88%
SF/LALJames Worthy
79%
PG/BOSBob Cousy
77%
SF/BOSJohn Havlicek
74%
SG/LALJerry West
67%
SF/LALElgin Baylor
60%

Score Distribution

Percentile by Number Answered

Percent of People with Each Score

Your Score History

You have not taken this quiz